[Event "Campeonato de Europa 2011 Femenino"]
[Site "Tbilisi GEO"]
[Date "2011.05.13"]
[Round "7.37"]
[White "Melashvili, Nino"]
[Black "Kachiani-Gersinska, Ketino"]
[Result "0-1"]
[WhiteElo "2104"]
[BlackElo "2309"]
[PlyCount "96"]
[EventDate "2011.05.07"]
[EventType "swiss"]
[EventRounds "11"]
[EventCountry "GEO"]
[Source "lmi"]
[SourceDate "2011.05.07"]

1. Nf3 d6 2. d4 g6 3. c3 Bg7 4. e4 c6 5. Bc4 d5 6. exd5 cxd5 7. Bb5+ Bd7 8. Bd3
Nf6 9. Ne5 O-O 10. O-O Nc6 11. Qe2 Bf5 12. Bxf5 gxf5 13. Bf4 e6 14. Nd2 Ne7 15.
Qe3 Ng6 16. Bg5 Nxe5 17. dxe5 Ng4 18. Bxd8 Nxe3 19. fxe3 Rfxd8 20. Nf3 Rdc8 21.
Rad1 b5 22. Rd4 Rc4 23. Rfd1 Rac8 24. Rxc4 bxc4 25. Kf2 Rb8 26. Rd2 Kf8 27. b3
cxb3 28. Rb2 Rc8 29. Rxb3 Rc7 30. Rb8+ Ke7 31. Rg8 Bh6 32. Ra8 Rxc3 33. Rxa7+
Kf8 34. Ra8+ Kg7 35. a4 Rc2+ 36. Kg3 Bxe3 37. a5 Ra2 38. a6 Bb6 39. h4 h6 40.
h5 Be3 41. Nh4 Bf2+ 42. Kh3 Ra1 43. g3 Rg1 44. Nf3 Rxg3+ 45. Kh2 Rxf3 46. Kg2
Rf4 47. a7 Bxa7 48. Rxa7 Re4 0-1

[Event "Campeonato de Europa 2011 Femenino"]
[Site "Tbilisi GEO"]
[Date "2011.05.13"]
[Round "7.39"]
[White "Edes, Zsofia"]
[Black "Cherednichenko, Svetlana"]
[Result "0-1"]
[WhiteElo "2043"]
[BlackElo "2297"]
[PlyCount "82"]
[EventDate "2011.05.07"]
[EventType "swiss"]
[EventRounds "11"]
[EventCountry "GEO"]
[Source "lmi"]
[SourceDate "2011.05.07"]

1. d4 Nf6 2. c4 g6 3. Nc3 Bg7 4. e4 d6 5. f4 c5 6. d5 O-O 7. Nf3 e6 8. Be2 exd5
9. cxd5 Bg4 10. O-O Nbd7 11. Qc2 Ne8 12. Ng5 Bxe2 13. Nxe2 b5 14. Qb3 Nef6 15.
Ng3 Qb6 16. Kh1 Rfe8 17. Qf3 Re7 18. Bd2 Rae8 19. Rae1 b4 20. Qd3 Qb7 21. a3 a5
22. Nf3 Rc8 23. Rc1 Nb6 24. Qc2 Qd7 25. h3 Qb5 26. Rfe1 Nfd7 27. Be3 Qa4 28.
Qe2 bxa3 29. bxa3 Qxa3 30. Nh4 Rce8 31. Ngf5 gxf5 32. Nxf5 Qb2 33. Qg4 Qf6 34.
Nxe7+ Qxe7 35. Bd2 Nf6 36. Qd1 Nxe4 37. Kh2 Nxd5 38. Bxa5 Nxf4 39. Qf3 Ng6 40.
Rb1 Be5+ 41. g3 d5 0-1

[Event "Campeonato de Europa 2011 Femenino"]
[Site "Tbilisi GEO"]
[Date "2011.05.13"]
[Round "7.40"]
[White "Cherednichenko, Elena"]
[Black "Girya, Olga"]
[Result "0-1"]
[WhiteElo "2147"]
[BlackElo "2394"]
[PlyCount "78"]
[EventDate "2011.05.07"]
[EventType "swiss"]
[EventRounds "11"]
[EventCountry "GEO"]
[Source "lmi"]
[SourceDate "2011.05.07"]

1. d4 Nf6 2. Nf3 d5 3. e3 Bf5 4. c4 c6 5. Nc3 e6 6. Nh4 Bg6 7. Qb3 Qc7 8. Bd2
Ne4 9. Nxg6 Nxd2 10. Kxd2 dxc4 11. Bxc4 hxg6 12. h3 Nd7 13. Rac1 Be7 14. Ke2
Qb6 15. Qxb6 axb6 16. a4 Bb4 17. b3 Nf6 18. Bd3 Ke7 19. Rhd1 Rh4 20. f4 Bxc3
21. Rxc3 Nd5 22. Rcc1 f5 23. Rh1 Rah8 24. Kf3 Kf6 25. Bc4 g5 26. fxg5+ Kxg5 27.
Bxd5 exd5 28. Rhe1 Re4 29. b4 f4 30. g3 fxe3 31. h4+ Kg6 32. Rxe3 Rf8+ 33. Ke2
Rxd4 34. Re7 Rxb4 35. Rxb7 Rf6 36. Rc2 c5 37. a5 bxa5 38. Rxb4 cxb4 39. Rc5 Ra6
0-1

[Event "Campeonato de Europa 2011 Femenino"]
[Site "Tbilisi GEO"]
[Date "2011.05.13"]
[Round "7.41"]
[White "Makka, Ioulia"]
[Black "Mamedjarova, Zeinab"]
[Result "0-1"]
[WhiteElo "2101"]
[BlackElo "2342"]
[PlyCount "50"]
[EventDate "2011.05.07"]
[EventType "swiss"]
[EventRounds "11"]
[EventCountry "GEO"]
[Source "lmi"]
[SourceDate "2011.05.07"]

1. e4 e5 2. Nf3 d6 3. d4 exd4 4. Qxd4 Nc6 5. Bb5 Bd7 6. Bxc6 Bxc6 7. Nc3 Nf6 8.
Bf4 Be7 9. O-O-O O-O 10. h3 a5 11. Qe3 Re8 12. Nd4 Bd7 13. g4 a4 14. Bh2 b5 15.
f4 b4 16. Nb1 d5 17. e5 Ne4 18. Rdf1 b3 19. cxb3 axb3 20. Qxb3 c5 21. Nf5 c4
22. Qb7 Bxf5 23. gxf5 Nc5 24. Qc6 Rc8 25. Qb5 Rb8 0-1

[Event "Campeonato de Europa 2011 Femenino"]
[Site "Tbilisi GEO"]
[Date "2011.05.13"]
[Round "7.42"]
[White "Mamedjarova, Turkan"]
[Black "Bokuchava, Madona"]
[Result "1-0"]
[WhiteElo "2322"]
[BlackElo "2115"]
[PlyCount "121"]
[EventDate "2011.05.07"]
[EventType "swiss"]
[EventRounds "11"]
[EventCountry "GEO"]
[Source "lmi"]
[SourceDate "2011.05.07"]

1. e4 c5 2. d3 Nc6 3. g3 e6 4. Bg2 g6 5. f4 Bg7 6. Nf3 Nge7 7. O-O O-O 8. c3 b6
9. Re1 Bb7 10. g4 f5 11. h3 Rc8 12. Na3 a6 13. Qe2 b5 14. Bd2 h6 15. Qf2 b4 16.
Nc4 fxe4 17. dxe4 d5 18. exd5 exd5 19. Nce5 bxc3 20. bxc3 Nxe5 21. Nxe5 Qc7 22.
Rab1 Rb8 23. Qh4 d4 24. Bf1 Bd5 25. Rxb8 Rxb8 26. c4 Ba8 27. Bd3 g5 28. Qh5 Rf8
29. Ng6 Rf7 30. Re6 Bb7 31. Nxe7+ Rxe7 32. Qg6 Rxe6 33. Qxe6+ Kf8 34. Bh7 Qf7
35. Qd6+ Qe7 36. Qb8+ Kf7 37. Qg8+ Kf6 38. fxg5+ hxg5 39. h4 gxh4 40. g5+ Ke5
41. Qb8+ Ke6 42. Bg8+ Kf5 43. Qf4+ Kg6 44. Qxh4 Bf8 45. Qh3 Be4 46. Be6 d3 47.
Qg4 Qb7 48. Bd7 Qb1+ 49. Kf2 Qh1 50. Be8+ Kh7 51. Bh5 Qh2+ 52. Ke3 Bg6 53.
Bxg6+ Kxg6 54. Qe6+ Kh5 55. Qf7+ Kg4 56. Qd7+ Kxg5 57. Kxd3+ Kf6 58. Bc3+ Kg5
59. Qd8+ Kg4 60. Qc8+ Kh4 61. Qxf8 1-0

[Event "Campeonato de Europa 2011 Femenino"]
[Site "Tbilisi GEO"]
[Date "2011.05.13"]
[Round "7.43"]
[White "Ziaziulkina, Nastassia"]
[Black "Fataliyeva, Ulviyya Hasil qizi"]
[Result "1-0"]
[WhiteElo "2291"]
[BlackElo "2105"]
[PlyCount "77"]
[EventDate "2011.05.07"]
[EventType "swiss"]
[EventRounds "11"]
[EventCountry "GEO"]
[Source "lmi"]
[SourceDate "2011.05.07"]

1. e4 c5 2. Nf3 d6 3. d4 cxd4 4. Nxd4 Nf6 5. Nc3 g6 6. Be3 Bg7 7. f3 O-O 8. Qd2
Nc6 9. g4 Nxd4 10. Bxd4 Be6 11. O-O-O a6 12. h4 b5 13. Kb1 Rc8 14. h5 Qc7 15.
Qh2 Rfd8 16. Qf2 Qc6 17. h6 Bh8 18. a3 Nd7 19. g5 Bxd4 20. Qxd4 f6 21. gxf6
Nxf6 22. Rh2 Qc5 23. Rhd2 Qxd4 24. Rxd4 Rf8 25. a4 bxa4 26. Bxa6 Rc5 27. Rxa4
Nd7 28. Be2 Rh5 29. Nb5 Rc8 30. Nd4 Nc5 31. Ra7 Kf7 32. b4 Rb8 33. Nc6 Rb6 34.
Rxe7+ Kf8 35. Rc7 Na4 36. Rxd6 Rh1+ 37. Bd1 Nc3+ 38. Kc1 Nxd1 39. Rd8# 1-0

[Event "Campeonato de Europa 2011 Femenino"]
[Site "Tbilisi GEO"]
[Date "2011.05.13"]
[Round "7.44"]
[White "Aginian, Nelly"]
[Black "Skrabakova, Katarina"]
[Result "1/2-1/2"]
[WhiteElo "2284"]
[BlackElo "2071"]
[PlyCount "86"]
[EventDate "2011.05.07"]
[EventType "swiss"]
[EventRounds "11"]
[EventCountry "GEO"]
[Source "lmi"]
[SourceDate "2011.05.07"]

1. e4 e6 2. d4 d5 3. exd5 exd5 4. c4 Nf6 5. Nc3 Bb4 6. Bd3 dxc4 7. Bxc4 O-O 8.
Nf3 Bg4 9. Be3 Nbd7 10. O-O Nb6 11. Bb3 c6 12. a3 Be7 13. Re1 h6 14. h3 Bh5 15.
g4 Bg6 16. Ne5 Bh7 17. Qf3 Nfd5 18. Ne4 Bd6 19. Nc5 Qc7 20. Bd2 Rfe8 21. Ned3
Rad8 22. Rxe8+ Rxe8 23. Rc1 Rd8 24. a4 Nf6 25. a5 Nbd7 26. Nxd7 Rxd7 27. a6
Bh2+ 28. Kf1 Be4 29. Qe3 Re7 30. Ne5 Bxe5 31. dxe5 Rxe5 32. Qxa7 Bd3+ 33. Kg1
Rb5 34. Rc3 Be4 35. axb7 Rxb7 36. Qd4 Qe7 37. Re3 Rd7 38. Qb4 Qxb4 39. Bxb4 Bg6
40. Bc3 Nd5 41. Re5 Kh7 42. Ba4 Nxc3 43. bxc3 Rd3 1/2-1/2

[Event "Campeonato de Europa 2011 Femenino"]
[Site "Tbilisi GEO"]
[Date "2011.05.13"]
[Round "7.46"]
[White "Jalabadze, Natia"]
[Black "Fakhiridou, Ekaterini"]
[Result "1/2-1/2"]
[WhiteElo "2052"]
[BlackElo "2225"]
[PlyCount "69"]
[EventDate "2011.05.07"]
[EventType "swiss"]
[EventRounds "11"]
[EventCountry "GEO"]
[Source "lmi"]
[SourceDate "2011.05.07"]

1. e4 c5 2. Nf3 Nf6 3. Nc3 d5 4. exd5 Nxd5 5. d4 e6 6. Bb5+ Bd7 7. Bxd7+ Qxd7
8. Nxd5 Qxd5 9. O-O Nc6 10. dxc5 Qxd1 11. Rxd1 Bxc5 12. Bf4 Ke7 13. Ne5 Nxe5
14. Bxe5 f6 15. Bd4 Bd6 16. c4 Rhc8 17. b3 h6 18. Kf1 e5 19. Bb2 a5 20. a4 Bc5
21. Rd5 b6 22. Rad1 Rd8 23. Rxd8 Rxd8 24. Rxd8 Kxd8 25. f3 Kd7 26. Ke2 Ke6 27.
g4 g6 28. h3 h5 29. Kd3 f5 30. gxh5 gxh5 31. Bc1 Kf6 32. Bd2 Ke6 33. Bc3 Kd6
34. Bb2 Ke6 35. Bc3 1/2-1/2

[Event "Campeonato de Europa 2011 Femenino"]
[Site "Tbilisi GEO"]
[Date "2011.05.13"]
[Round "7.47"]
[White "Vakhania, Alexandra"]
[Black "Kharatyan, Anahit"]
[Result "0-1"]
[WhiteElo "2189"]
[BlackElo "2064"]
[PlyCount "72"]
[EventDate "2011.05.07"]
[EventType "swiss"]
[EventRounds "11"]
[EventCountry "GEO"]
[Source "lmi"]
[SourceDate "2011.05.07"]

1. e4 e5 2. c4 Nc6 3. Nc3 g6 4. g3 Bg7 5. Bg2 Nge7 6. Nge2 d6 7. d3 Be6 8. Be3
Qd7 9. h3 Nd4 10. Qd2 c6 11. f4 d5 12. c5 O-O-O 13. fxe5 Nxe2 14. Nxe2 dxe4 15.
d4 Nf5 16. Bxe4 Nxe3 17. Qxe3 Bxh3 18. O-O-O h5 19. Kb1 Bg4 20. Rd3 Rhe8 21.
Nf4 f5 22. Bf3 g5 23. Ng6 Bxf3 24. Qxf3 Bxe5 25. Nxe5 Rxe5 26. Rxh5 Re1+ 27.
Kc2 Qe6 28. Rxg5 Qc4+ 29. Rc3 Qxa2 30. Qxf5+ Kb8 31. Qf4+ Ka8 32. Rb3 Re2+ 33.
Kd3 Rde8 34. Re5 R2xe5 35. dxe5 Qxb3+ 36. Ke4 Qd5+ 0-1

[Event "Campeonato de Europa 2011 Femenino"]
[Site "Tbilisi GEO"]
[Date "2011.05.13"]
[Round "7.48"]
[White "Semenova, Elena"]
[Black "Kuchava, Ana"]
[Result "0-1"]
[WhiteElo "2188"]
[BlackElo "1973"]
[PlyCount "114"]
[EventDate "2011.05.07"]
[EventType "swiss"]
[EventRounds "11"]
[EventCountry "GEO"]
[Source "lmi"]
[SourceDate "2011.05.07"]

1. d4 d5 2. Nf3 Nf6 3. g3 Bf5 4. Bg2 h6 5. c4 c6 6. Qb3 Qb6 7. Qxb6 axb6 8.
cxd5 Nxd5 9. Nc3 Nxc3 10. bxc3 b5 11. Bf4 Nd7 12. Nd2 Be6 13. O-O g5 14. Be3
Nb6 15. Nb3 Bc4 16. Nc5 Bxe2 17. Nxb7 Nd5 18. Rfe1 Bc4 19. Nc5 e6 20. Nb3 Kd7
21. Nd2 Bd3 22. c4 bxc4 23. Bf1 Bb4 24. Red1 Bc3 25. Bxd3 Bxa1 26. Nxc4 Rxa2
27. Ne5+ Ke7 28. Nxc6+ Kf6 29. Bc4 Ra3 30. Bxd5 exd5 31. Nb4 Ra5 32. Nxd5+ Ke6
33. Nb6 Rd8 34. d5+ Kf5 35. Nc4 Rdxd5 36. Rb1 Ra6 37. Nb6 Rda5 38. Nc4 Ra2 39.
Rb5+ Kg6 40. h4 gxh4 41. gxh4 Bf6 42. Ne5+ Bxe5 43. Rxe5 R2a5 44. Rxa5 Rxa5 45.
Kg2 h5 46. Kg3 Kf5 47. f3 Ra4 48. Bg5 Ke5 49. Bc1 Rc4 50. Bb2+ Kd5 51. Bf6 Kc5
52. Be7+ Kb5 53. Bg5 Kb4 54. Kf2 Kc3 55. Ke3 f5 56. Bf4 Kc2 57. Bg3 Kd1 0-1

[Event "Campeonato de Europa 2011 Femenino"]
[Site "Tbilisi GEO"]
[Date "2011.05.13"]
[Round "7.49"]
[White "Khazhomia, Salome"]
[Black "Choladze, Mariam"]
[Result "1-0"]
[WhiteElo "2152"]
[BlackElo "1818"]
[PlyCount "81"]
[EventDate "2011.05.07"]
[EventType "swiss"]
[EventRounds "11"]
[EventCountry "GEO"]
[Source "lmi"]
[SourceDate "2011.05.07"]

1. d4 Nf6 2. c4 e6 3. Nf3 b6 4. g3 Bb4+ 5. Bd2 Be7 6. Bg2 Bb7 7. O-O O-O 8. Nc3
d5 9. Ne5 Nbd7 10. Bf4 c6 11. cxd5 cxd5 12. Rc1 Rc8 13. Nd3 Ne4 14. Qa4 Bc6 15.
Qb3 Ndf6 16. Ne5 Bb7 17. Nb5 a6 18. Na7 Rxc1 19. Rxc1 Qa8 20. Nac6 Bd8 21. Nxd8
Qxd8 22. Nc6 Qd7 23. Qxb6 Bc8 24. Na7 h6 25. f3 Ng5 26. h4 Ngh7 27. Rc7 Qd8 28.
Nxc8 Nd7 29. Qd6 Nhf6 30. Ne7+ Kh7 31. Nc6 Qa8 32. Rxd7 Nxd7 33. Qxd7 Rc8 34.
Ne5 Rc2 35. Qxf7 Rxb2 36. Bxh6 Rb7 37. Qg6+ Kg8 38. Bh3 Qa7 39. Qxe6+ Kh8 40.
Qe8+ Kh7 41. Bf5+ 1-0

[Event "Campeonato de Europa 2011 Femenino"]
[Site "Tbilisi GEO"]
[Date "2011.05.13"]
[Round "7.50"]
[White "Mammadova, Aysel Alishiraz Qiz"]
[Black "Houska, Jovanka"]
[Result "1/2-1/2"]
[WhiteElo "1964"]
[BlackElo "2429"]
[PlyCount "136"]
[EventDate "2011.05.07"]
[EventType "swiss"]
[EventRounds "11"]
[EventCountry "GEO"]
[Source "lmi"]
[SourceDate "2011.05.07"]

1. e4 c6 2. d4 d5 3. Nc3 dxe4 4. Nxe4 Bf5 5. Ng3 Bg6 6. Nf3 Nd7 7. Bd3 e6 8.
O-O Ngf6 9. Ne5 Nxe5 10. dxe5 Bxd3 11. cxd3 Nd5 12. Qe2 Be7 13. Nh5 g6 14. Nf4
Nxf4 15. Bxf4 Qd4 16. Qe3 O-O-O 17. Rfd1 Rd7 18. Qxd4 Rxd4 19. Be3 Rd5 20. Bxa7
Rhd8 21. Bb6 R8d7 22. f4 Rb5 23. Bf2 Rxb2 24. a4 Rd5 25. a5 Bc5 26. Bxc5 Rxc5
27. a6 bxa6 28. Rxa6 Rcc2 29. Ra8+ Kb7 30. Rf8 Rxg2+ 31. Kh1 Rxh2+ 32. Kg1 h5
33. Rxf7+ Kb6 34. Rb1 Kc5 35. Rxb2 Rxb2 36. Rf6 Kd5 37. Rxg6 Rb4 38. f5 exf5
39. e6 Rb7 40. Rf6 Ke5 41. e7 Rxe7 42. Rxc6 Kf4 43. Kf2 Ra7 44. Rc4+ Kg5 45.
Rd4 Ra1 46. Kf3 Rf1+ 47. Kg2 Rf4 48. Rd8 Rh4 49. Kf3 Rh3+ 50. Kg2 Re3 51. Kf2
Re6 52. Kf3 Rg6 53. d4 h4 54. d5 Ra6 55. Rg8+ Kf6 56. Rf8+ Ke5 57. Re8+ Kf6 58.
Rf8+ Kg6 59. Rg8+ Kf7 60. Rh8 Ra4 61. d6 Ke6 62. Rh6+ Ke5 63. d7 Ra3+ 64. Ke2
Ra2+ 65. Kd3 Ra3+ 66. Kc2 Ra2+ 67. Kd3 Ra1 68. Ke2 Ra2+ 1/2-1/2

[Event "Campeonato de Europa 2011 Femenino"]
[Site "Tbilisi GEO"]
[Date "2011.05.13"]
[Round "7.51"]
[White "Nikoladze, Sopio"]
[Black "Lauterbach, Ingrid"]
[Result "1/2-1/2"]
[WhiteElo "2278"]
[BlackElo "2100"]
[PlyCount "66"]
[EventDate "2011.05.07"]
[EventType "swiss"]
[EventRounds "11"]
[EventCountry "GEO"]
[Source "lmi"]
[SourceDate "2011.05.07"]

1. d4 d6 2. Nf3 g6 3. g3 Bg7 4. Bg2 Nd7 5. c4 e5 6. Nc3 Ne7 7. e4 O-O 8. O-O
exd4 9. Nxd4 Nc6 10. Nde2 a5 11. Rb1 Nc5 12. b3 Be6 13. Bb2 a4 14. Nd5 Bxb2 15.
Rxb2 axb3 16. axb3 Bxd5 17. cxd5 Qf6 18. Rc2 Nb4 19. Rc4 Nbd3 20. Rd4 Ne5 21.
f4 Ng4 22. Rf3 Qe7 23. h3 Nf6 24. Re3 Ra3 25. Rb4 Rfa8 26. Qd4 Nfd7 27. Kh2 Nb6
28. h4 Na6 29. Rb5 Qe8 30. Nc3 Nc5 31. b4 Nb3 32. Qd1 Nc4 33. Re1 Nb2 1/2-1/2

[Event "Campeonato de Europa 2011 Femenino"]
[Site "Tbilisi GEO"]
[Date "2011.05.13"]
[Round "7.52"]
[White "Umudova, Nargiz"]
[Black "Shamatava, Ana"]
[Result "0-1"]
[WhiteElo "2230"]
[BlackElo "1917"]
[PlyCount "110"]
[EventDate "2011.05.07"]
[EventType "swiss"]
[EventRounds "11"]
[EventCountry "GEO"]
[Source "lmi"]
[SourceDate "2011.05.07"]

1. e4 c5 2. b3 a6 3. Bb2 Nc6 4. Nf3 d6 5. d4 cxd4 6. Nxd4 e5 7. Nf3 Nf6 8. Nc3
Be7 9. Be2 b5 10. a3 O-O 11. h3 Bb7 12. O-O Rc8 13. Re1 Nb8 14. Nd2 Nbd7 15.
Bf3 Nc5 16. b4 Ne6 17. Nb3 Qb6 18. g3 Ba8 19. Bg2 Rc4 20. Na5 Rc7 21. Nd5 Nxd5
22. exd5 Nd8 23. Bc1 f5 24. Be3 Qb8 25. a4 Bf6 26. axb5 axb5 27. Nc6 Nxc6 28.
dxc6 e4 29. Ra6 Qc8 30. Qd5+ Kh8 31. Qxb5 Rxc6 32. Rxc6 Bxc6 33. Qb6 d5 34. Bc5
Rf7 35. Bd4 Rb7 36. Qc5 Be7 37. Qc3 Bxb4 38. Qe3 Bxe1 39. Qxe1 h6 40. c3 Qb8
41. Qe3 Kh7 42. h4 Rf7 43. f4 Rb7 44. Be5 Qa7 45. Bd4 Qa1+ 46. Kh2 Qa2 47. g4
fxg4 48. f5 Bb5 49. Qf4 Be2 50. Qd6 Qa6 51. Qxd5 Bf3 52. f6 Qe2 53. Kg3 Bxg2
54. Qf5+ g6 55. f7 gxf5 0-1

[Event "Campeonato de Europa 2011 Femenino"]
[Site "Tbilisi GEO"]
[Date "2011.05.13"]
[Round "7.55"]
[White "Hairapetian, Anna"]
[Black "Mumladze, Maia"]
[Result "1-0"]
[WhiteElo "2128"]
[BlackElo "1517"]
[PlyCount "61"]
[EventDate "2011.05.07"]
[EventType "swiss"]
[EventRounds "11"]
[EventCountry "GEO"]
[Source "lmi"]
[SourceDate "2011.05.07"]

1. e4 c6 2. d4 d5 3. exd5 cxd5 4. Bd3 Nc6 5. c3 Nf6 6. Bf4 Bg4 7. Qb3 Qb6 8. h3
Bh5 9. Na3 Qxb3 10. axb3 a6 11. Nf3 Rc8 12. O-O e6 13. b4 b5 14. Nc2 Ra8 15.
Bxb5 axb5 16. Rxa8+ Nd8 17. Rfa1 Be7 18. R1a7 Nd7 19. Bc7 Bxf3 20. gxf3 Bf6 21.
Na3 e5 22. Nxb5 exd4 23. cxd4 g6 24. Rc8 O-O 25. Bxd8 Nb6 26. Bxf6 Nxc8 27. Rb7
h6 28. Nc3 Nd6 29. Rd7 Nc4 30. Nxd5 g5 31. b5 1-0

[Event "Campeonato de Europa 2011 Femenino"]
[Site "Tbilisi GEO"]
[Date "2011.05.13"]
[Round "7.57"]
[White "Gogishvili, Dea"]
[Black "Unapkoshvili, Nani"]
[Result "0-1"]
[WhiteElo "1856"]
[BlackElo "1970"]
[PlyCount "56"]
[EventDate "2011.05.07"]
[EventType "swiss"]
[EventRounds "11"]
[EventCountry "GEO"]
[Source "lmi"]
[SourceDate "2011.05.07"]

1. e4 d6 2. Nc3 e5 3. g3 Nc6 4. Bg2 f5 5. d3 Nf6 6. exf5 Bxf5 7. Nd5 Nxd5 8.
Bxd5 Qf6 9. Nf3 Be6 10. Bxe6 Qxe6 11. Ng5 Qg6 12. Be3 h6 13. Nf3 Be7 14. h4 d5
15. h5 Qf7 16. Nh4 O-O 17. Qe2 Bxh4 18. Rxh4 Rac8 19. Kf1 Nd4 20. Bxd4 exd4 21.
Qd2 Qf3 22. Rh2 Qxg3 23. Rg2 Qh3 24. Qa5 Qh1+ 25. Rg1 Qxh5 26. Re1 Rxf2+ 27.
Kxf2 Rf8+ 28. Kg2 Qg4+ 0-1

[Event "Campeonato de Europa 2011 Femenino"]
[Site "Tbilisi GEO"]
[Date "2011.05.13"]
[Round "7.58"]
[White "Novkovic, Julia"]
[Black "Imnadze, Nato"]
[Result "0-1"]
[WhiteElo "2120"]
[BlackElo "1962"]
[PlyCount "80"]
[EventDate "2011.05.07"]
[EventType "swiss"]
[EventRounds "11"]
[EventCountry "GEO"]
[Source "lmi"]
[SourceDate "2011.05.07"]

1. e4 e5 2. Bc4 Nf6 3. d3 c6 4. Qe2 Bc5 5. Nf3 d6 6. Nbd2 O-O 7. O-O Nbd7 8. a3
Re8 9. b4 Bb6 10. Bb3 Nf8 11. Nc4 Bc7 12. Ne3 d5 13. Rd1 Ng6 14. c4 Nf4 15. Qa2
d4 16. Nf1 N6h5 17. c5 Qf6 18. Ne1 a5 19. Bxf4 Nxf4 20. Qc2 Qg6 21. Kh1 Kh8 22.
Ng3 Rf8 23. Rab1 f5 24. exf5 Bxf5 25. Nxf5 Rxf5 26. g3 Nh3 27. Rd2 Raf8 28. f3
Ng5 29. Rf2 Nxf3 30. Nxf3 Rxf3 31. Rbf1 e4 32. dxe4 Rxf2 33. Rxf2 Rxf2 34. Qxf2
Qxe4+ 35. Kg1 Qb1+ 36. Bd1 Qxd1+ 37. Kg2 Kg8 38. Qf5 Qe2+ 39. Kg1 Qe8 40. Qc2
Qd8 0-1

[Event "Campeonato de Europa 2011 Femenino"]
[Site "Tbilisi GEO"]
[Date "2011.05.13"]
[Round "7.59"]
[White "Martirosyan, Lia"]
[Black "Trapaidze, Lizi"]
[Result "1-0"]
[WhiteElo "2093"]
[BlackElo "1744"]
[PlyCount "99"]
[EventDate "2011.05.07"]
[EventType "swiss"]
[EventRounds "11"]
[EventCountry "GEO"]
[Source "lmi"]
[SourceDate "2011.05.07"]

1. d4 d5 2. Nf3 c6 3. Bf4 Bf5 4. e3 e6 5. Nbd2 Bd6 6. Ne5 Nf6 7. Be2 h6 8. O-O
O-O 9. c4 Ne4 10. Nxe4 Bxe4 11. c5 Be7 12. b4 Nd7 13. b5 Nxe5 14. Bxe5 cxb5 15.
Bxb5 Bf6 16. Bd6 Be7 17. Bg3 Bh4 18. Bf4 Bg5 19. Bg3 Bh4 20. Bd3 Bxg3 21. hxg3
Bxd3 22. Qxd3 b6 23. Rfc1 bxc5 24. dxc5 Rb8 25. Qa6 Qc7 26. Rc2 Rb7 27. Rac1
Rfb8 28. Qa4 Rb4 29. Qa6 R4b7 30. c6 Rb6 31. Qa5 Rc8 32. Qa4 e5 33. Qg4 Rd8 34.
f4 f6 35. Qe6+ Kh8 36. fxe5 fxe5 37. Rf1 Qc8 38. Qg6 Rf8 39. Rxf8+ Qxf8 40. Kh2
Qc8 41. Rc1 d4 42. exd4 exd4 43. Re1 Rb8 44. Re7 Qf8 45. Rf7 Qg8 46. c7 Re8 47.
Rd7 Qf8 48. Qc6 d3 49. Qd5 Kh7 50. Qxd3+ 1-0

[Event "Campeonato de Europa 2011 Femenino"]
[Site "Tbilisi GEO"]
[Date "2011.05.13"]
[Round "7.60"]
[White "Ghukasyan, Siranush"]
[Black "Rizhamadze, Patman"]
[Result "1-0"]
[WhiteElo "1766"]
[BlackElo "2052"]
[PlyCount "81"]
[EventDate "2011.05.07"]
[EventType "swiss"]
[EventRounds "11"]
[EventCountry "GEO"]
[Source "lmi"]
[SourceDate "2011.05.07"]

1. e4 c5 2. Nf3 d6 3. c3 Nf6 4. Be2 Nbd7 5. d3 c4 6. d4 Nxe4 7. Bxc4 e6 8. O-O
Be7 9. Re1 Nef6 10. Qe2 Nb6 11. Bd3 Nbd5 12. Bb5+ Nd7 13. c4 Nc7 14. Ba4 O-O
15. Nc3 Rb8 16. Bf4 b6 17. Bc2 Nf6 18. d5 Nh5 19. Bd2 g6 20. Bh6 Re8 21. Ba4
Bd7 22. Bxd7 Qxd7 23. Qd2 e5 24. Bg5 f6 25. Be3 Ng7 26. Qc2 Nf5 27. Bd2 b5 28.
cxb5 Nxb5 29. Qa4 Qb7 30. Rad1 Nbd4 31. Nxd4 exd4 32. Ne4 Qxd5 33. Nxf6+ Bxf6
34. Rxe8+ Rxe8 35. Qxe8+ Kg7 36. Qd7+ Ne7 37. Bf4 g5 38. Bxd6 d3 39. Qc7 Kf7
40. Bxe7 Bxe7 41. Qc3 1-0

[Event "Campeonato de Europa 2011 Femenino"]
[Site "Tbilisi GEO"]
[Date "2011.05.13"]
[Round "7.61"]
[White "Kakutia, Ada"]
[Black "Guliyeva, Sabina Ilqar qizi"]
[Result "1-0"]
[WhiteElo "1727"]
[BlackElo "2040"]
[PlyCount "125"]
[EventDate "2011.05.07"]
[EventType "swiss"]
[EventRounds "11"]
[EventCountry "GEO"]
[Source "lmi"]
[SourceDate "2011.05.07"]

1. e4 c5 2. c3 d5 3. exd5 Qxd5 4. d4 cxd4 5. cxd4 Nc6 6. Nf3 Bg4 7. Be2 e6 8.
Nc3 Qa5 9. O-O Nf6 10. Be3 Be7 11. Qb3 Rb8 12. h3 Bxf3 13. Bxf3 O-O 14. d5 Ne5
15. Be2 Nxd5 16. Nxd5 exd5 17. Rfd1 Rfd8 18. Bb5 a6 19. Be2 Rd7 20. Bb6 Qb4 21.
Qxb4 Bxb4 22. f4 Nc6 23. Bg4 Re7 24. Rxd5 f6 25. Kf1 Re4 26. Bf3 Ree8 27. Rd7
Re7 28. Rad1 Kf8 29. a3 Rxd7 30. Rxd7 Be7 31. Ke2 g6 32. g4 Ke8 33. Rxb7 Rc8
34. Kd3 Nd8 35. Ra7 Ne6 36. Be3 Rd8+ 37. Ke2 Nd4+ 38. Kf2 Nxf3 39. Kxf3 Rd3 40.
Ra8+ Kf7 41. Ke4 Rb3 42. Bd4 Rxh3 43. Rxa6 Rb3 44. Rb6 Rg3 45. a4 Bd8 46. Rb7+
Ke6 47. Bb6 f5+ 48. gxf5+ gxf5+ 49. Kd4 Rb3 50. a5 Rxb2 51. Rxh7 Bf6+ 52. Kc5
Ra2 53. Kc6 Bc3 54. Kb5 Rb2+ 55. Kc4 Be1 56. a6 Rb4+ 57. Kd3 Rb3+ 58. Ke2 Ra3
59. a7 Bc3 60. Re7+ Kd6 61. Re8 Kc6 62. Be3 Ra2+ 63. Kd3 1-0

[Event "Campeonato de Europa 2011 Femenino"]
[Site "Tbilisi GEO"]
[Date "2011.05.13"]
[Round "7.62"]
[White "Boyard, Marie"]
[Black "Tedoshvili, Ana"]
[Result "1-0"]
[WhiteElo "1989"]
[BlackElo "1469"]
[PlyCount "69"]
[EventDate "2011.05.07"]
[EventType "swiss"]
[EventRounds "11"]
[EventCountry "GEO"]
[Source "lmi"]
[SourceDate "2011.05.07"]

1. e4 c5 2. Nf3 d6 3. d4 cxd4 4. Qxd4 Nc6 5. Bb5 Bd7 6. Bxc6 Bxc6 7. Nc3 Nf6 8.
Bg5 h6 9. Bh4 g5 10. Bg3 Bg7 11. O-O-O Qc7 12. Rhe1 Nh5 13. Qe3 Nxg3 14. hxg3
b6 15. Nd4 Rc8 16. Nf5 Bf6 17. Rd2 a6 18. Nd5 Bxd5 19. exd5 Qd7 20. Qf3 Be5 21.
Qg4 Qb5 22. Rxe5 dxe5 23. Nd6+ exd6 24. Qxc8+ Ke7 25. Qxh8 Qf1+ 26. Rd1 Qxf2
27. Qxh6 Qe3+ 28. Kb1 Qxg3 29. Qh3 Qf4 30. Qf3 Qc4 31. Rf1 f5 32. Qxf5 Qxd5 33.
Qxg5+ Kd7 34. Qf5+ Kc6 35. g4 1-0

[Event "Campeonato de Europa 2011 Femenino"]
[Site "Tbilisi GEO"]
[Date "2011.05.13"]
[Round "7.64"]
[White "Jalaghonia, Nino"]
[Black "Gumberidze, Nino"]
[Result "1-0"]
[WhiteElo "1562"]
[BlackElo "1664"]
[PlyCount "83"]
[EventDate "2011.05.07"]
[EventType "swiss"]
[EventRounds "11"]
[EventCountry "GEO"]
[Source "lmi"]
[SourceDate "2011.05.07"]

1. e4 c5 2. Nc3 Nc6 3. f4 g6 4. Nf3 Bg7 5. Bc4 e6 6. f5 Nge7 7. O-O O-O 8. Qe1
Nd4 9. Nxd4 Bxd4+ 10. Kh1 d5 11. f6 dxc4 12. fxe7 Qxe7 13. Qe2 Qh4 14. Rf3 a6
15. e5 h5 16. d3 cxd3 17. cxd3 b5 18. Bh6 Re8 19. Raf1 Ra7 20. Rf6 Qg4 21. Qd2
Bxe5 22. R6f4 Bxf4 23. Rxf4 Qxf4 24. Qxf4 f5 25. Qe5 c4 26. d4 Kh7 27. Bg5 Bd7
28. Qf6 Bc6 29. Ne2 b4 30. Nf4 Rg8 31. Qxe6 Be4 32. Nxh5 Rf8 33. Nf4 Rg7 34.
Qxc4 Bb7 35. h4 a5 36. Ne6 Rc8 37. Qb5 Rf7 38. d5 Rg8 39. Nd8 Rxd8 40. Bxd8 Bc8
41. Qe8 Rd7 42. Bf6 1-0